Matters. Upper Intermediate: Workbook with Key

Bibliografiske detaljer
Hovedforfatter: Bell J. Jan
Andre forfattere: Gower R. Roger
Sprog:engelsk
Udgivet: Longman, 1998
Fag:
Format: Mixed Materials
KOHA link:https://koha.lib.tpu.ru/cgi-bin/koha/opac-detail.pl?biblionumber=22253

MARC

LEADER 00000nmm0a2200000 4500
001 22253
005 20231030194603.0
010 |a 0582046661 
035 |a (RuTPU)RU\TPU\book\22465 
035 |a BOOK00000227 
090 |a 22253 
100 |a 20011209d1998 m y0engy50 ba 
101 0 |a eng 
102 |a GB 
105 |a y j 000zy 
200 1 |a Matters. Upper Intermediate  |e Workbook with Key  |f J. Bell, R. Gower 
210 |c Longman  |d 1998 
215 |a 80 p.  |e Прил.: кассета. 
610 1 |a английский язык 
610 1 |a разговорная речь 
610 1 |a учебные пособия 
610 1 |a кассеты 
686 |a Ш143.21-923  |v LBC/SL-A  |2 rubbk 
700 1 |a Bell  |b J.  |g Jan 
701 1 |a Gower  |b R.  |g Roger 
801 0 |a RU  |b 63413507  |c 20011209  |g PSBO 
801 2 |a RU  |b 63413507  |c 20170620  |g PSBO 
942 |c MX